Capital cities beginning with N - Statistics

General Stats
  • This quiz has been taken 120 times
  • The average score is 7 of 11
Answer Stats
Answer % Correct
Nairobi
82%
Niamey
74%
N'Djamena
73%
Nassau
68%
Nuku Alofa
66%
New Delhi
65%
Naypyidaw
64%
Nicosia
62%
Nouakchott
48%
Ngerulmud
33%
Nur sultan
33%
No matching quizzes found
Score Distribution
Percent of People with Each Score
Percentile by Number Answered
Your Score History
You have not taken this quiz